000
00363nam a2200181Ia 4500
100
_a
Waerden/Van der
650
_a
Algebra
490
_v
1
942
_c
BK
366
_f
20
654
_a
Algebra
245
_a
Algebra
260
_b
Springer International
_a
New Delhi
_c
1991
082
_a
512/WAE
_b
WAE
300
_a
265
546
_a
ENGLISH
999
_c
24751
_d
24751